[Event "FRA-ch blitz 13th"]
[Site "Nancy"]
[Date "2015.02.21"]
[Round "11"]
[White "Bauer, Christian"]
[Black "Fressinet, Laurent"]
[Result "1-0"]
[WhiteElo "2651"]
[BlackElo "2706"]
[PlyCount "125"]
[EventDate "2015.02.21"]
[EventType "swiss (blitz)"]
[EventRounds "11"]
[EventCountry "FRA"]
[SourceTitle "CBM 164 Extra"]
[Source "ChessBase"]
[SourceDate "2015.03.02"]
[SourceVersion "1"]
[SourceVersionDate "2015.03.02"]
[SourceQuality "1"]

1. Nf3 d5 2. d3 g6 3. Nbd2 Bg7 4. e4 e6 5. g3 c5 6. Bg2 Nc6 7. O-O Nge7 8. Qe2 b6 9. Re1 h6 10. h4 d4 $146 ({RR} 10... a5 11. c3 Ba6 12. exd5 exd5 13. Nf1 O-O 14. Bf4 Kh7 15. Qd2 Bc8 16. Rac1 Be6 17. d4 Rc8 18. N1h2 cxd4 19. Nxd4 Nxd4 20. cxd4 Qd7 21. Nf3 {½-½ (21) Musil,V-Djukic,Z Pula 1984}) ({RR} 10... a5 11. e5 g5 12. hxg5 hxg5 13. Nxg5 Nxe5 14. Ndf3 N7g6 15. Nxe5 Nxe5 16. c4 Kf8 17. cxd5 exd5 18. Bf4 Bg4 19. f3 Bd7 20. Bxe5 Qxg5 21. Bxg7+ Kxg7 22. Qe5+ Qxe5 23. Rxe5 Be6 24. f4 Rad8 25. a3 {Leko,P (2745)-Van Wely,L (2700) Monte Carlo 2001 ½-½ (46)}) ({RR} 10... Bb7 11. c3 Ba6 12. e5 g5 13. hxg5 hxg5 14. Nxg5 Nxe5 15. c4 dxc4 16. Nxc4 N7g6 17. Bf4 Bxc4 18. dxc4 Rc8 19. Rad1 Qe7 20. Ne4 O-O 21. Qh5 Rfd8 22. Bg5 f6 23. Be3 Nf8 24. b3 Rxd1 25. Rxd1 {Andriasian,Z (2554)-Nakamura,H (2802) New York USA 2024 0-1 (55)}) ({RR} 10... a5 11. e5 g5 12. hxg5 hxg5 13. Nxg5 Nxe5 14. Ndf3 N5g6 15. c4 Ra7 16. cxd5 Nxd5 17. Qe4 Nde7 18. Qa4+ Kf8 19. Bf4 Nd5 20. Bd2 Qd7 21. Qb3 a4 22. Qa3 Kg8 23. Rad1 Bf8 24. b3 axb3 25. Qxb3 {Kovalev,A (2400)-Kalinitschew,S (2445) Berlin East 1987 0-1 (40)}) 11. e5 Nd5 12. Nc4 O-O 13. a4 a6 14. Nh2 Rb8 15. Ng4 h5 16. Bg5 Qc7 17. Nf6+ Bxf6 18. exf6 b5 19. axb5 axb5 20. Bxd5 exd5 21. Bf4 Qd8 22. Ne5 Nxe5 23. Qxe5 Rb6 24. Qe7 Re6 25. Rxe6 Bxe6 26. Bd6 Re8 27. Qxd8 Rxd8 28. Bxc5 Rc8 29. b4 g5 30. hxg5 Kh7 31. Ra2 Kg6 32. Bxd4 Kxg5 33. f3 h4 34. gxh4+ Kxh4 35. Kf2 Kg5 36. c3 Kf4 37. Ra5 Rb8 38. Bc5 Kf5 39. Be7 Rc8 40. Bc5 Rb8 41. Bd4 Rb7 42. Ra6 Rb8 43. Ke3 Rb7 44. f4 Rb8 45. Be5 Rb7 46. Kd4 Kg4 47. Bd6 Bf5 48. Rc6 Kf3 49. Rc5 Ke2 50. Rxd5 Bxd3 51. Re5+ Kd2 52. Re7 Rb6 53. Be5 Bc4 54. Kc5 Ra6 55. Rd7+ Kc2 56. Rd4 Be2 57. c4 bxc4 58. b5 Ra3 59. b6 Rb3 60. Rd7 Bf3 61. Rxf7 c3 62. Rc7 Ra3 63. f7 1-0

[Event "EU-ch 16th"]
[Site "Jerusalem"]
[Date "2015.03.02"]
[Round "6"]
[White "Khismatullin, Denis Rimovich"]
[Black "Zubov, Alexander"]
[Result "1-0"]
[WhiteElo "2653"]
[BlackElo "2607"]
[PlyCount "67"]
[EventDate "2015.02.24"]
[EventType "swiss"]
[EventRounds "11"]
[EventCountry "ISR"]
[SourceTitle "CBM 166"]
[Source "ChessBase"]
[SourceDate "2015.05.11"]
[SourceVersion "1"]
[SourceVersionDate "2015.05.11"]
[SourceQuality "1"]

1. Nf3 Nf6 2. g3 d5 3. Bg2 g6 4. c4 c6 5. Qa4 dxc4 6. Qxc4 Bg7 7. O-O O-O 8. d3 Qa5 9. Qh4 Qh5 10. Qxh5 Nxh5 11. Nc3 Rd8 $146 ({RR} 11... b6 12. Bg5 Re8 13. Nd2 Bb7 14. Rfc1 Nd7 15. Rab1 h6 16. Be3 Nhf6 17. b4 Rec8 18. b5 Rab8 19. Bf4 e5 20. Be3 cxb5 21. Bxb7 Rxb7 22. Nxb5 Rd8 23. Nc4 Nd5 24. Ncd6 Rbb8 25. Nxa7 Ra8 26. Nc6 {Shyam,N (2465)-Laxman,R (2381) Dubai 2022 1-0 (44)}) ({RR} 11... Na6 12. Bg5 Re8 13. Rfc1 Be6 14. Rab1 h6 15. Be3 Nb4 16. a3 Nd5 17. Bd4 Nb6 18. Ne4 Rad8 19. Bxg7 Nxg7 20. b4 a6 21. Nc5 Bc8 22. a4 Ne6 23. Nd2 Nd4 24. Kf1 e5 25. e3 Ne6 26. Ke2 {Keinanen,T (2541)-Deveci,H (2211) Petrovac MNE 2024 1-0 (66)}) 12. Bd2 Na6 13. Rfc1 h6 14. Rab1 Be6 15. b4 Bxc3 16. Rxc3 Bxa2 17. Ra1 Bd5 18. Rca3 g5 19. Ne5 Rac8 20. Bh3 Ra8 21. Ng4 Kh7 22. Ne3 Nf6 23. Ra5 Be6 24. Bg2 Nc7 25. Rxa7 Rab8 26. Bxc6 bxc6 27. Rxc7 Bd7 28. Raa7 Rbc8 29. Rxc8 Rxc8 30. Nc4 Be6 31. Rxe7 Rb8 32. Ne5 Nd5 33. Ra7 Ra8 34. Ra4 1-0

[Event "EU-ch 16th"]
[Site "Jerusalem"]
[Date "2015.03.03"]
[Round "7"]
[White "Korobov, Anton"]
[Black "Sutovsky, Emil"]
[Result "1-0"]
[WhiteElo "2687"]
[BlackElo "2626"]
[PlyCount "111"]
[EventDate "2015.02.24"]
[EventType "swiss"]
[EventRounds "11"]
[EventCountry "ISR"]
[SourceTitle "CBM 166"]
[Source "ChessBase"]
[SourceDate "2015.05.11"]
[SourceVersion "1"]
[SourceVersionDate "2015.05.11"]
[SourceQuality "1"]

1. Nf3 c5 2. b3 d6 3. c4 e5 4. Bb2 f5 5. e3 Nf6 6. Nc3 Nc6 7. d4 e4 $146 ({RR} 7... Be7 8. dxe5 dxe5 9. Qxd8+ Bxd8 10. O-O-O e4 11. Ng5 Ng4 12. Nh3 O-O 13. Be2 g5 14. Nd5 h6 15. f3 exf3 16. gxf3 Nxe3 17. Nxe3 Re8 18. Rxd8 Nxd8 19. Kd2 f4 20. Ng4 Bxg4 21. fxg4 Re3 22. Nf2 {Simon,T-Bongers,E Neuwied 1993 0-1}) 8. d5 Ne5 9. Nxe5 dxe5 10. Qc2 a6 11. h3 Bd6 12. g4 fxg4 13. Nxe4 Nxe4 14. Qxe4 g3 15. fxg3 O-O 16. O-O-O Bf5 17. Qg2 Qg5 18. Re1 Bg6 19. h4 Qg4 20. Be2 Qf5 21. e4 Qxe4 22. Qxe4 Bxe4 23. Rh2 Bf5 24. Bf3 e4 25. Bxe4 Rae8 26. Rhe2 Bxg3 27. Rg1 Bg4 28. Rxg3 Rf1+ 29. Kd2 Bxe2 30. Rxg7+ Kf8 31. Bxh7 Bh5 32. Rg8+ Kf7 33. Rg7+ Kf8 34. Rg8+ Kf7 35. Rg2 Rf4 36. Bd3 Rg8 37. Rh2 Ke7 38. Be5 Rf7 39. a3 Kd7 40. b4 Re8 41. Bb2 b6 42. Rg2 Ree7 43. Kc2 Rf4 44. Bc3 Bf3 45. Rg6 Be4 46. Bxe4 Rexe4 47. Rxb6 Rf2+ 48. Kb3 Rf3 49. Rf6 Rh3 50. bxc5 Ree3 51. c6+ Kc7 52. Kb4 Rxc3 53. Rf7+ Kb8 54. Rf8+ Kc7 55. Kc5 Rhd3 56. d6+ 1-0

[Event "EU-ch 16th"]
[Site "Jerusalem"]
[Date "2015.03.04"]
[Round "8"]
[White "Khismatullin, Denis Rimovich"]
[Black "Stefansson, Hannes"]
[Result "1-0"]
[WhiteElo "2653"]
[BlackElo "2573"]
[PlyCount "59"]
[EventDate "2015.02.24"]
[EventType "swiss"]
[EventRounds "11"]
[EventCountry "ISR"]
[SourceTitle "CBM 166"]
[Source "ChessBase"]
[SourceDate "2015.05.11"]
[SourceVersion "1"]
[SourceVersionDate "2015.05.11"]
[SourceQuality "1"]

1. Nf3 d5 2. g3 g6 3. Bg2 Bg7 4. c4 dxc4 5. Na3 e5 6. O-O ({RR} 6. Qc2 Nc6 7. Nxc4 Nge7 8. d3 O-O 9. O-O h6 10. h3 Nf5 11. Bd2 Nfd4 12. Nxd4 Nxd4 13. Qd1 Re8 14. Bc3 c6 15. Rc1 a5 16. a4 Be6 17. b3 b5 18. Nd2 Rc8 19. Bxd4 exd4 20. Rxc6 bxa4 {Le,Q (2712)-Anand,V (2785) Dubai 2014 1-0}) 6... e4 ({RR} 6... Nc6 7. Nxc4 Nge7 8. d3 O-O 9. Bd2 Re8 10. b4 a6 11. Rc1 Rb8 12. a3 Nf5 13. Ng5 Ncd4 14. Ne4 Nd6 15. Ncxd6 cxd6 16. Nc3 Be6 17. Nd5 Rc8 18. Rxc8 Qxc8 19. e3 Bg4 20. f3 Be6 21. Nc3 {Petursson,M (2403)-Van Haastert,E (2408) Prague CZE 2025 ½-½}) 7. Ne1 Nf6 8. Nxc4 Be6 $146 ({RR} 8... O-O 9. b3 Nc6 10. Bb2 Bf5 11. Ne3 Nd5 12. Bxg7 Nxe3 13. fxe3 Kxg7 14. Qc2 Qd6 15. Qc3+ f6 16. Nc2 Rad8 17. Rad1 Rfe8 18. Rf4 h5 19. h3 Ne7 20. Qb4 c5 21. Qxb7 Rb8 {0-1 (21) Todorcevic,M (2535)-Kupreichik,V (2520) Ljubljana/Portoroz 1989}) ({RR} 8... Nc6 9. b3 O-O 10. Bb2 Nd4 11. Nc2 c5 12. Nxd4 cxd4 13. Ba3 Re8 14. Nd6 Re5 15. d3 Bf8 16. Nc4 Re8 17. Bxf8 Kxf8 18. Qd2 Bf5 19. Rad1 exd3 20. exd3 Nd5 21. Be4 Bxe4 22. dxe4 Nc3 23. Qh6+ {Khismatullin,D (2673)-Xiu,D (2543) Moscow 2015 0-1 (66)}) ({RR} 8... O-O 9. d3 Be6 10. Ne3 Nc6 11. Bd2 exd3 12. Nxd3 Qd6 13. Rc1 Rfd8 14. Bxc6 bxc6 15. Qa4 Qe7 16. Bb4 Qe8 17. Qxc6 Bxa2 18. Qxe8+ Rxe8 19. Rxc7 Nd5 20. Nxd5 Bxd5 21. Nf4 Bb3 22. Bc3 Bxc3 23. Rxc3 {Kryvoruchko,Y (2708)-Bluebaum,M (2632) Sharjah 2017 1-0 (56)}) 9. b3 O-O 10. Bb2 Nbd7 11. Rc1 Re8 12. Qc2 Bd5 13. Qb1 a5 14. Ne3 Bc6 15. N1c2 Bb5 16. Rfe1 c5 17. a4 Bc6 18. Na3 b6 19. Nec4 Qc7 20. Nb5 Bxb5 21. axb5 a4 22. d3 axb3 23. Bc3 Ra4 24. Qxb3 Qa7 25. Nd6 Re6 26. Ra1 Rxa1 27. Rxa1 Qxa1+ 28. Bxa1 Rxd6 29. dxe4 Rd2 30. Bc3 1-0

[Event "Titled Tuesday intern op 24th Febr"]
[Site "Chess.com INT"]
[Date "2015.02.24"]
[Round "3"]
[White "Jobava, Baadur"]
[Black "Kovalenko, Igor"]
[Result "1-0"]
[WhiteElo "2696"]
[BlackElo "2656"]
[PlyCount "93"]
[EventDate "2015.02.24"]
[EventType "swiss (blitz)"]
[EventRounds "9"]
[EventCountry "USA"]
[SourceTitle "EXT 2021"]
[Source "ChessBase"]
[SourceDate "2020.10.23"]
[SourceVersion "1"]
[SourceVersionDate "2020.10.23"]
[SourceQuality "1"]

1. b3 c5 2. Bb2 Nc6 3. e3 a6 4. Nf3 d5 5. d4 cxd4 6. Nxd4 Nf6 7. Nd2 e6 8. Be2 ({RR} 8. Nxc6 bxc6 9. Bd3 Be7 10. c4 O-O 11. Qc2 h6 12. O-O a5 13. a3 Ba6 14. Nf3 Nd7 15. Rfd1 Bf6 16. Nd4 Qb6 17. Rac1 c5 18. Nb5 Bxb5 19. cxb5 Bxb2 20. Qxb2 a4 21. b4 Rfc8 22. bxc5 Nxc5 {Nakamura,H (2768)-Sarana,A (2662) Chess.com INT 2022 ½-½ (62)}) 8... Bd6 9. O-O O-O ({RR} 9... e5 10. Nxc6 bxc6 11. c4 O-O 12. cxd5 cxd5 13. Rc1 Bb7 14. Nf3 Qe7 15. Qc2 Rfe8 16. Qf5 Ne4 17. Qh5 g6 18. Qh6 f6 19. Rfd1 Rac8 20. Qh3 Ba3 21. Bxa3 Qxa3 22. Qd7 Qb4 23. Rxc8 Rxc8 24. Qe6+ {Theodorou,N (2611)-Niemann,H (2734) chess.com INT 2025 0-1 (90)}) 10. c4 Qc7 $146 ({RR} 10... e5 11. N4f3 d4 12. exd4 exd4 13. h3 Bc5 14. Bd3 Re8 15. a3 a5 16. Re1 Bd7 17. Qc2 Qb6 18. Ng5 h6 19. Nge4 Nh5 20. Nxc5 Qxc5 21. Ne4 Qe5 22. Qd2 Nf4 23. Ng3 Qg5 24. Rxe8+ Rxe8 25. Rd1 {Spata,G (2399)-Hulka,V (2276) chess.com INT 2024 0-1 (34)}) ({RR} 10... e5 11. N4f3 d4 12. exd4 exd4 13. h3 Bc5 14. Bd3 Re8 15. a3 a5 16. Re1 Bd7 17. Qc2 Qb6 18. Ng5 h6 19. Nge4 Nh5 20. Nxc5 Qxc5 21. Ne4 Qe5 22. Qd2 Nf4 23. Ng3 Qg5 24. Rxe8+ Rxe8 25. Rd1 {Spata,G (2399)-Hulka,V (2276) chess.com INT 2024 0-1 (34)}) 11. N4f3 Qe7 12. a3 Rd8 13. Qc2 Bd7 14. Ng5 Be5 15. Rac1 Bxb2 16. Qxb2 h6 17. Ngf3 Rac8 18. h3 Be8 19. b4 dxc4 20. Nxc4 Nd5 21. Rfd1 b5 22. Ncd2 Nb6 23. Ne4 Na4 24. Qa1 Rxd1+ 25. Bxd1 Nb6 26. Nc5 a5 27. Be2 axb4 28. Bxb5 bxa3 29. Qxa3 Nb8 30. Bxe8 Rxe8 31. Qa5 N6d7 32. Ne4 Nf6 33. Rc7 Qd8 34. Nxf6+ Qxf6 35. Ne5 Rf8 36. f4 Qf5 37. Qa7 g5 38. Rb7 gxf4 39. Ng4 Nc6 40. Qa4 Qc5 41. Qxf4 Ne7 42. Qxh6 Nd5 43. Rd7 Ra8 44. Kh2 Qc3 45. Rxd5 Qc7+ 46. Re5 f5 47. Nf6+ 1-0

[Event "Titled Tuesday intern op 24th Febr"]
[Site "Chess.com INT"]
[Date "2015.02.24"]
[Round "8"]
[White "Meier, Georg"]
[Black "Nakamura, Hikaru"]
[Result "1-0"]
[WhiteElo "2641"]
[BlackElo "2776"]
[PlyCount "51"]
[EventDate "2015.02.24"]
[EventType "swiss (blitz)"]
[EventRounds "9"]
[EventCountry "USA"]
[SourceTitle "EXT 2021"]
[Source "ChessBase"]
[SourceDate "2020.10.23"]
[SourceVersion "1"]
[SourceVersionDate "2020.10.23"]
[SourceQuality "1"]

1. Nf3 b6 2. Ng1 Bb7 3. Nf3 f5 $146 ({RR} 3... e6 4. Ng1 f5 5. Nf3 Nf6 6. Ng1 Na6 7. Nf3 Qe7 8. Ng1 Nc5 9. d4 Na6 10. e3 Ne4 11. Nd2 Nf6 12. Ngf3 c5 13. c3 cxd4 14. exd4 Nc7 15. a4 g6 16. Bc4 Bg7 17. O-O O-O 18. Re1 {Martisek,K (1810)-Urban,J Brno 2003 0-1 (40)}) 4. g3 e5 5. Bg2 e4 6. Nd4 Qf6 7. c3 Nc6 8. O-O h5 9. d3 Nxd4 10. cxd4 h4 11. Nc3 Qg6 12. Bf4 Bd6 13. Qd2 Nf6 14. Nb5 Nd5 15. Bxd6 cxd6 16. dxe4 fxe4 17. Bxe4 Qh5 18. Bf3 Qh7 19. Nxd6+ Kf8 20. g4 Bc6 21. e4 Nf6 22. d5 Qg6 23. Qf4 Kg8 24. dxc6 dxc6 25. e5 Nd7 26. Bxc6 1-0

[Event "Titled Tuesday intern op 24th Febr"]
[Site "Chess.com INT"]
[Date "2015.02.24"]
[Round "9"]
[White "Vachier Lagrave, Maxime"]
[Black "Naroditsky, Daniel"]
[Result "1-0"]
[WhiteElo "2775"]
[BlackElo "2622"]
[PlyCount "101"]
[EventDate "2015.02.24"]
[EventType "swiss (blitz)"]
[EventRounds "9"]
[EventCountry "USA"]
[SourceTitle "EXT 2021"]
[Source "ChessBase"]
[SourceDate "2020.10.23"]
[SourceVersion "1"]
[SourceVersionDate "2020.10.23"]
[SourceQuality "1"]

1. b3 d5 2. e3 Bf5 3. Bb2 e6 4. Nf3 Nf6 5. Be2 Be7 6. O-O O-O 7. c4 c6 8. d3 Nbd7 9. Nh4 Bg6 10. Nd2 a5 11. a3 Nc5 $146 ({RR} 11... Bd6 12. Nxg6 hxg6 13. Qc2 Qe7 14. d4 e5 15. dxe5 Nxe5 16. Nf3 Rfe8 17. Nxe5 Bxe5 18. Rfd1 Rad8 19. Bf3 dxc4 20. bxc4 Nd7 21. Bd4 Bd6 22. Qb2 Ne5 23. Be2 g5 24. h3 Rd7 25. Bb6 Ng6 26. Bxa5 {Vachier Lagrave,M (2788)-Eljanov,P (2765) Stavanger 2016 1-0 (36)}) 12. Nxg6 hxg6 13. Qc2 Bd6 14. Rfc1 Rc8 15. b4 axb4 16. axb4 Na6 17. c5 Bb8 18. Bxf6 Qxf6 19. d4 Nc7 20. f4 g5 21. Rf1 Ne8 22. Qd3 Qh6 23. g3 Nf6 24. b5 g6 25. Nf3 Ne4 26. b6 Kg7 27. Qc2 Rh8 28. Bd3 gxf4 29. exf4 Nf6 30. Rae1 Ng4 31. h4 Nf6 32. Ng5 Rce8 33. Qf2 Ng4 34. Qf3 Nf6 35. Re2 Qh5 36. Qxh5 Nxh5 37. Kg2 Re7 38. Ree1 Rhe8 39. Be2 f6 40. Bxh5 fxg5 41. Bg4 gxf4 42. gxf4 Kf6 43. Kg3 Rh8 44. Rf3 Rhe8 45. Rfe3 Kf7 46. Kf3 Kf6 47. R3e2 Kf7 48. h5 Kf6 49. hxg6 Kxg6 50. Rxe6+ Rxe6 51. Rxe6+ 1-0

[Event "Moscow Aeroflot op-A 14th"]
[Site "Moscow"]
[Date "2015.03.30"]
[Round "4"]
[White "Rapport, Richard"]
[Black "Bogdanovich, Stanislav"]
[Result "1-0"]
[WhiteElo "2709"]
[BlackElo "2581"]
[PlyCount "95"]
[EventDate "2015.03.27"]
[EventType "swiss"]
[EventRounds "9"]
[EventCountry "RUS"]
[SourceTitle "CBM 166"]
[Source "ChessBase"]
[SourceDate "2015.05.11"]
[SourceVersion "1"]
[SourceVersionDate "2015.05.11"]
[SourceQuality "1"]

1. g3 e5 2. Nf3 Nc6 3. d4 exd4 ({RR} 3... e4 4. Ne5 d5 5. Nxc6 bxc6 6. c4 Nf6 7. Nc3 Bd6 8. Bg5 Be6 9. Qa4 O-O 10. c5 Be7 11. Qxc6 Rb8 12. b3 Rb4 13. e3 Ng4 14. Bxe7 Qxe7 15. Be2 Nf6 16. Qa6 Qd7 17. Bb5 c6 18. Qxc6 {Sargsyan,S (2646)-Kacharava,N (2510) New York USA 2024 1-0 (39)}) ({RR} 3... e4 4. Ne5 Nce7 5. Bg2 d6 6. Nc4 d5 7. Ne3 Nf6 8. c4 c6 9. Nc3 g6 10. cxd5 cxd5 11. Qa4+ Bd7 12. Qb3 Bc6 13. Nc2 Bg7 14. Nb4 O-O 15. Nxc6 bxc6 16. Na4 Nd7 17. Qc3 c5 18. Nxc5 {Larino Nieto,D (2448)-Alsina Leal,D (2496) Vecindario ESP 2025 1-0 (47)}) 4. Nxd4 Nxd4 5. Qxd4 Qf6 $146 ({RR} 5... d6 6. Bg2 c5 7. Qd1 Nf6 8. c4 Be7 9. Nc3 O-O 10. O-O h6 11. Bf4 Rb8 12. Nb5 Ne8 13. Nxa7 Be6 14. b3 Ra8 15. Nb5 Ra6 16. Bxb7 Rb6 17. Bg2 Bf5 18. Bd2 Ra6 19. Bb7 Bc8 20. Bxa6 {Hafdisarson,A-Finnbogadottir,H (1658) Reykjavik 2008 1-0 (41)}) ({RR} 5... Nf6 6. Bg2 Be7 7. O-O O-O 8. Nc3 c6 9. e4 d6 10. Re1 Be6 11. b3 Qc7 12. Bb2 Rad8 13. Qxa7 Nd7 14. Qe3 Bf6 15. Rab1 Rfe8 16. Ne2 Bxb2 17. Rxb2 Nf6 18. a4 d5 19. Qf4 Qb6 20. e5 {Dagenais,B (1454)-Levesque,A (1364) Gatineau 2010 1-0 (51)}) 6. Qe3+ Qe6 7. Bg2 Nf6 8. c4 Bb4+ 9. Nc3 O-O 10. Qd3 d6 11. Bd2 Re8 12. Nd5 Nxd5 13. cxd5 Qg4 14. h3 Bxd2+ 15. Qxd2 Qc4 16. e3 Bf5 17. b3 Qb5 18. Rc1 a5 19. Rc4 a4 20. Rb4 Qd7 21. g4 axb3 22. axb3 Bg6 23. O-O c5 24. dxc6 bxc6 25. f4 f5 26. Rc1 d5 27. gxf5 Bxf5 28. Rxc6 Kh8 29. Qxd5 Qxd5 30. Bxd5 Rxe3 31. Rcb6 Rae8 32. Rb8 h6 33. Rxe8+ Rxe8 34. h4 Kh7 35. Kf2 Rd8 36. Rb5 Kg6 37. b4 Bd3 38. Rc5 Rb8 39. Ke3 Bf1 40. h5+ Kf6 41. Rc7 Rf8 42. Rb7 g5 43. hxg6 Kxg6 44. b5 Kf5 45. Be4+ Ke6 46. b6 Kd6 47. Rh7 Re8 48. Kd4 1-0

[Event "Moscow Aeroflot op-A 14th"]
[Site "Moscow"]
[Date "2015.03.31"]
[Round "5"]
[White "Khismatullin, Denis Rimovich"]
[Black "Svane, Rasmus"]
[Result "1-0"]
[WhiteElo "2650"]
[BlackElo "2509"]
[PlyCount "95"]
[EventDate "2015.03.27"]
[EventType "swiss"]
[EventRounds "9"]
[EventCountry "RUS"]
[SourceTitle "CBM 166"]
[Source "ChessBase"]
[SourceDate "2015.05.11"]
[SourceVersion "1"]
[SourceVersionDate "2015.05.11"]
[SourceQuality "1"]

1. Nf3 {Marin,Mihail} d5 2. g3 Bg4 3. Bg2 c6 4. O-O Nf6 5. d3 Nbd7 6. Nbd2 e5 7. h3 Bxf3 8. Nxf3 Bd6 ({RR} 8... Bc5 9. e3 O-O 10. a3 a5 11. b3 Qe7 12. Bb2 Rfe8 13. Qe2 Bb6 14. Rfd1 h6 15. Nd2 Bc7 16. c4 dxc4 17. Nxc4 Nc5 18. Qc2 a4 19. b4 Nb3 20. Rab1 Qe6 21. Nd2 Nxd2 22. Rxd2 Bd6 23. Rc1 {Kamsky,G (2740)-Lintchevski,D (2528) Moscow 2013 1-0 (108)}) 9. e4 ({RR} 9. Nh4 O-O 10. e4 g6 11. Bg5 Qb6 12. Bh6 Rfe8 13. Kh2 Rad8 14. Qf3 dxe4 15. dxe4 Be7 16. b3 Nc5 17. Rfe1 Qb4 18. Qe2 Ne6 19. Nf5 Bf8 20. Qe3 gxf5 21. exf5 Ng7 22. Rad1 Rxd1 23. Rxd1 Qe7 {Maltsevskaya,A (2368)-Mathurin,N (2001) chess.com INT 2024 0-1 (36)}) 9... O-O 10. Qe2 Re8 11. Bg5 $146 ({RR} 11. b3 Qc7 12. Bb2 Rad8 13. Nh2 dxe4 14. dxe4 Nf8 15. Rfd1 Qe7 16. a4 Ng6 17. Nf1 Qc7 18. Ne3 Bf8 19. Qc4 Rxd1+ 20. Rxd1 Rd8 21. Rd3 Ne8 22. h4 Nd6 23. Qc3 f6 24. Qd2 Be7 25. a5 Nf8 {Marin,M (2527)-Slovineanu,V (2447) Sovata 1999 EXT 2000 [Marin,Mihail] ½-½ (57)}) ({RR} 11. Nh4 dxe4 12. dxe4 Bc5 13. c3 a5 14. Nf5 Qc7 15. Bg5 h6 16. Bd2 a4 17. Rad1 Bf8 18. Rfe1 Nc5 19. Qf3 Re6 20. Bf1 b5 21. h4 Rd8 22. g4 Nxg4 23. c4 h5 24. cxb5 g6 25. Bc4 gxf5 {Fridjonsson,J (2176)-Kononenko,T (2353) Reykjavik 2004 0-1 (33)}) 11... Nc5 12. exd5 cxd5 13. Nd2 e4 14. dxe4 h6 15. Bxf6 Qxf6 16. c3 Qe6 17. Rad1 Bf8 18. c4 dxe4 19. b4 Na4 20. Nxe4 f5 21. Qc2 fxe4 22. Qxa4 Qxc4 23. a3 b5 24. Qa6 Re6 25. Qb7 Rae8 26. Qxa7 Kh8 27. Qe3 Be7 28. h4 Bf6 29. Rfe1 Qc6 30. Re2 R6e7 31. Qf4 Qc4 32. Rde1 e3 33. Qxc4 bxc4 34. Rxe3 Rxe3 35. Rxe3 Rxe3 36. fxe3 c3 37. Be4 Kg8 38. Kf2 Kf7 39. Ke2 h5 40. Kd3 Be5 41. a4 Bxg3 42. a5 Bf2 43. b5 c2 44. Kxc2 Bxe3 45. Kd3 Bf2 46. b6 Bxh4 47. a6 Bf2 48. a7 1-0

[Event "Moscow Aeroflot op-A 14th"]
[Site "Moscow"]
[Date "2015.04.02"]
[Round "7"]
[White "Khismatullin, Denis Rimovich"]
[Black "Vallejo Pons, Francisco"]
[Result "1-0"]
[WhiteElo "2650"]
[BlackElo "2708"]
[PlyCount "117"]
[EventDate "2015.03.27"]
[EventType "swiss"]
[EventRounds "9"]
[EventCountry "RUS"]
[SourceTitle "CBM 166"]
[Source "ChessBase"]
[SourceDate "2015.05.11"]
[SourceVersion "1"]
[SourceVersionDate "2015.05.11"]
[SourceQuality "1"]

1. Nf3 d5 2. g3 Nf6 3. Bg2 Bf5 4. c4 e6 5. cxd5 exd5 6. Qb3 ({RR} 6. d3 c6 7. Qb3 Qb6 8. Qc2 Be7 9. O-O O-O 10. Nc3 Na6 11. e4 dxe4 12. dxe4 Bg6 13. Nh4 Nb4 14. Qe2 Bh5 15. Bf3 Bxf3 16. Qxf3 Nc2 17. Nf5 Rfe8 18. e5 Nxa1 19. Bg5 Nd5 20. Nxd5 cxd5 {Svidler,P (2753)-Naiditsch,A (2705) Dubai 2014 ½-½ (35)}) 6... Nbd7 7. Nd4 $146 ({RR} 7. Qxb7 Nc5 8. Qb5+ c6 9. Qxc6+ Bd7 10. Qxa8 Qxa8 11. O-O Be7 12. Nc3 O-O 13. d3 h6 14. Be3 Rc8 15. Ne5 Be6 16. Rfc1 Qb7 17. Rab1 Ncd7 18. Nxd7 Qxd7 19. Bd4 h5 20. b3 h4 21. Na4 hxg3 {Wadsworth,M (2460)-Rustemov,A (2525) chess.com INT 2024 0-1 (50)}) 7... Be4 8. Bxe4 Nc5 9. Qb5+ c6 10. Nxc6 bxc6 11. Qxc6+ Ncd7 12. Bc2 Rc8 13. Qa4 Rc4 14. b4 Qc7 15. Qb3 Rxc2 16. Nc3 Rxc3 17. Qxc3 Qb7 18. O-O Bd6 19. Qe3+ Kf8 20. Bb2 h5 21. Rac1 h4 22. Bd4 Kg8 23. a3 Rh6 24. Rc2 Nf8 25. Qf3 Ne6 26. Be3 g5 27. Rfc1 Kg7 28. Rc6 Qd7 29. Qf5 Rg6 30. d3 d4 31. Bd2 Qe7 32. a4 Nf4 33. gxf4 Qxe2 34. fxg5 Qxd2 35. Kh1 Rxg5 36. Rg1 Ng4 37. Rc2 Qf4 38. Qxf4 Bxf4 39. b5 Kf6 40. a5 Bxh2 41. Rxg4 Rxg4 42. Kxh2 Rg5 43. Rb2 Rg8 44. Rb4 Ke5 45. b6 axb6 46. axb6 f5 47. b7 Rb8 48. Kg2 Kd5 49. Kh3 Ke5 50. Kxh4 Kf4 51. Kh5 Kf3 52. Rb2 Rxb7 53. Rxb7 Kxf2 54. Kg5 Ke3 55. Kxf5 Kxd3 56. Kf4 Ke2 57. Rb2+ Kd3 58. Kf3 Kc3 59. Rg2 1-0

[Event "SUI-chT"]
[Site "Switzerland"]
[Date "2015.10.11"]
[Round "9.1"]
[White "Hickl, Joerg"]
[Black "Bauer, Christian"]
[Result "1-0"]
[WhiteElo "2588"]
[BlackElo "2637"]
[PlyCount "95"]
[EventDate "2015.03.29"]
[EventType "team-tourn"]
[EventRounds "9"]
[EventCountry "SUI"]
[SourceTitle "EXT 2017"]
[Source "ChessBase"]
[SourceDate "2016.10.25"]
[SourceVersion "1"]
[SourceVersionDate "2016.10.25"]
[SourceQuality "1"]
[WhiteTeam "Riehen"]
[BlackTeam "Zuerich"]
[WhiteTeamCountry "SUI"]
[BlackTeamCountry "SUI"]

1. g3 e5 2. Bg2 d5 3. d3 Nf6 4. c4 d4 5. Nf3 Nc6 6. O-O a5 7. Na3 Be7 8. Nc2 O-O 9. b3 Bf5 10. Bb2 Re8 11. a3 Rb8 $146 ({RR} 11... Qd7 12. Qd2 Bh3 13. b4 Bf8 14. b5 Nb8 15. e3 Bxg2 16. Kxg2 dxe3 17. Nxe3 Bd6 18. Rfe1 c6 19. c5 Bxc5 20. Nxe5 Qd8 21. Nf5 Qd5+ 22. f3 Re6 23. Nxg7 Kxg7 24. Ng4 Nbd7 25. Rxe6 fxe6 26. Qh6+ {Bischoff,K (2385)-Miles,A (2575) Germany 1982 1-0 (57)}) ({RR} 11... Qd7 12. Re1 Bh3 13. Bh1 Rad8 14. Qd2 Qd6 15. Rab1 h6 16. b4 axb4 17. axb4 Ra8 18. b5 Na5 19. e3 dxe3 20. Nxe3 e4 21. Nd4 c5 22. bxc6 Nxc6 23. dxe4 Bd8 24. Nd5 Ne5 25. Nb5 Qc5 26. Bd4 {Bischoff,K (2545)-Saw,G (2257) Queenstown 2009 1-0 (35)}) 12. Nh4 Bg4 13. h3 Be6 14. Kh2 Nd7 15. Nf3 b5 16. Nd2 Na7 17. Rb1 Nb6 18. cxb5 Nxb5 19. Nc4 Nxc4 20. bxc4 Nd6 21. Qd2 c5 22. e3 Bg5 23. f4 dxe3 24. Nxe3 exf4 25. gxf4 Bh6 26. Qf2 Nf5 27. Ng4 Qxd3 28. Rbd1 Qxc4 29. Be5 Rbc8 30. Rg1 g6 31. Nxh6+ Nxh6 32. Qh4 Bg4 33. Rc1 Qe2 34. Qxh6 Rxe5 35. fxe5 Qxe5+ 36. Kh1 Be6 37. Rge1 Qb2 38. Rcd1 Qxa3 39. Rxe6 fxe6 40. Rd7 Qa1+ 41. Kh2 Qe5+ 42. Kg1 Qh8 43. Bf3 a4 44. Bg4 Qa1+ 45. Bd1 Qf6 46. Qxh7+ Kf8 47. Qh6+ Ke8 48. Rg7 1-0